000 00587nam a2200229Ia 4500
005 20250425162626.0
008 250425s9999 xx 000 0 und d
020 _a9789561320260
041 _aeng
043 _acl
082 _a355.43
100 _aECHECOPAR, GERMAN
245 0 _aESTRATEGIA HOY Y PARA SIEMPRE
250 _aS.E.
260 _aChile
_bECHECOPAR, GERMAN; GHIRARDELLI, GIANFRANCO; JIMENEZ, GONZALO
_c2011
260 _aSANTIAGO DE CHILE
_bANDRES BELLO
300 _a125
650 _aADMINISTRACION
650 _aECONOMIA
942 _c01
010 _a90915
999 _c233117
_d233117